| 000 | 00393pab a2200157 454500 | ||
|---|---|---|---|
| 008 | 180718b1986 xxu||||| |||| 00| 0 eng d | ||
| 100 | _aMahajan, C.M. | ||
| 245 |
_aProblems of small scale industries _bA study of District Gurdaspur |
||
| 260 | _c1986 | ||
| 300 | _a59-66 | ||
| 362 | _aOct.-Dec. | ||
| 650 | _aIndustry, Small Scale | ||
| 773 | _aPrashanika | ||
| 908 | _aN | ||
| 909 | _a10719 | ||
| 999 |
_c10719 _d10719 |
||